| 000 | 00763cab a2200193 4500 | ||
|---|---|---|---|
| 001 | Z3933 | ||
| 008 | 090401t xxu||||| |||| 00| 0 eng d | ||
| 035 | _a(Sirsi) u56030 | ||
| 041 | _aeng | ||
| 100 | _aLewis, C. | ||
| 245 | _aClive Lewis: "Business needs us" | ||
| 350 | _a0 | ||
| 490 |
_aEstates Gazette _v(9328) 17 July, 102-106(2) |
||
| 520 | _aKeynote address given by the RICS President for 1993-94. Reiterates the importance of property to the wider economy and the need for surveyors, as property professionals, to address the needs of the market. Announces seven challenges he sees facing the profession. | ||
| 650 | _aPRESIDENTIAL ADDRESS 1993 | ||
| 690 | _aMANAGEMENT-BUSINESS MANAGEMENT-PROFESSIONAL PRACTICE | ||
| 942 | _n0 | ||
| 948 | _c04/03/1997 | ||
| 999 |
_c34214 _d34214 |
||